Podnikateľské prostredie vo vybraných krajinách EÚ diplomová práca

Na minha lista:
Detalhes bibliográficos
Autor principal: Bodnárová, Petra
Autor Corporativo: Podnikovohospodárska fakulta EU so sídlom v Košiciach. Katedra ekonómie
Outros Autores: Bruothová, Michaela, 1979-
Formato: Livro
Idioma:eslovaco
Publicado em: Košice 2017
Tags: Adicionar Tag
Sem tags, seja o primeiro a adicionar uma tag!

MARC

LEADER 00000nbm a2200000 4500
001 0231521
005 20240827092755.0
041 0 |a slo 
044 |a SK 
245 1 0 |a Podnikateľské prostredie vo vybraných krajinách EÚ  |b diplomová práca  |c Petra Bodnárová ; školiteľ: Michaela Bruothová 
264 1 |a Košice  |c 2017 
300 |a 82 s. 
100 1 |a Bodnárová, Petra 
700 1 |a Bruothová, Michaela, 1979- 
710 2 |a Podnikovohospodárska fakulta EU so sídlom v Košiciach. Katedra ekonómie